000
00289cam a22001097a 4500
008
180718b xxu||||| |||| 00| 0 eng d
082
_a
L6x54 P884
245
_a
Conspicuous waste
260
_a
Delhi
_b
Praja Socialist Publication
_c
300
_a
17p.
650
_a
Expenditures, Government - India
999
_c
502224
_d
502224